Д.Нацагдорж (Бичлэгийн дугаар. 843267)
[ энгийн харах ]
| 000 -Удирдлага | |
|---|---|
| Ном зүйн бүртгэл тоо буюу кодлох утгыг агуулсан | 00921nam a22002537a 4500 |
| 008 - ЕРӨНХИЙ МЭДЭЭЛЭЛ-ЭЛЕМЕНТҮҮДИЙН ӨГӨГДЛИЙН УРТ | |
| fixed length control field | 240608b mp ||||| |||| 00| 0 mon d |
| 020 ## - ОЛОН УЛСЫН СТАНДАРТ НОМЫН ДУГААР-ISBN | |
| Олон Улсын Стандарт Номын Дугаар | 978-9919-517-42-7 |
| 035 ## - СИСТЕМИЙН ХЯНАЛТЫН ДУГААР | |
| Системийн хяналтын дугаар | 18478 |
| 040 ## - ЭХ СУРВАЛЖИЙГ ТОДОРХОЙЛОН БИЧИХ | |
| Анхны каталогийн байгууллага | DU1548031 |
| Каталогийн хэл | Монгол |
| Бичлэг хийж нэвтрүүлэх байгууллага | MN-UlNLM |
| Өөрчлүүлэх байгууллага | MN-UlNLM |
| Бичиглэлийн тодорхойлолт | rda |
| 041 ## - ХЭЛНИЙ КОД | |
| Текстийн хэлний код/фонограм буюу салангид гарчиг | Монгол |
| 042 ## - AUTHENTICATION CODE | |
| Authentication code | 45374 |
| 084 ## - БУСАД АНГИЛЛЫН ДУГААР | |
| Ангиллын нэр | Номын сан номзүйн ангилал |
| Анги | 87.3 |
| Зохиогчийн 3-н тэмдэгт | Т-594 |
| 100 ## - ЗОХИОГЧИЙН ХЭСЭГ | |
| Зохиогчийн нэр | Төрмөнх Б. |
| 245 #0 - ҮНДСЭН ГАРЧИГ | |
| Гарчиг | Д.Нацагдорж |
| 264 ## - ГАРАЛТЫН МЭДЭЭ | |
| Хэвлэгдсэн газар | УБ |
| Бүтээгч, хэвлэгч, түгээгч, үйлдвэрлэгчийн нэр | АДМОН ПРИНТ ХХК |
| Хэвлэгдсэн он | 2022 |
| 300 ## - ТООНЫ МЭДЭЭ | |
| Хуудасны тоо | 63 |
| 336 ## - АГУУЛГЫН ТӨРӨЛ | |
| Нөөц | rdacontent |
| Агуулгын төрлийн нөхцөл | text |
| Агуулгын төрлийн код | txt |
| 337 ## - MEDIA TYPE | |
| Эх сурвалж | rdamedia |
| Файлын төрөл | unmediated |
| Файлын код | n |
| 338 ## - CARRIER TYPE | |
| Source | rdacarrier |
| Carrier type term | volume |
| Carrier type code | nc |
| 490 ## - БОТИЙН/ЦУВРАЛЫН ТУХАЙ МЭДЭЭ | |
| Ботийн/Цувралын нэр | Монгол хүн |
| 650 ## - Сэдэв | |
| Сэдэв | Зохиолч Дашдоржийн Нацагдорж түүний амьдрал, амьдралын замналын талаар хялбаршуулсан зохиол. Цаглавар хялбаршуулсан намтар Дашд... |
| 942 ## - ЭЛЕМЕНТИЙН ТӨРӨЛ | |
| Анги | Номын сан номзүйн ангилал |
| Төрөл | Ном |
| Буцаан татагдсан төлөв | Хасагдсан шалтгаан | Гэмтсэн төлөв | Данс заагч | Захиалах боломжгүй | Үндсэн номын сан | Одоогийн байршил | Салбар танхим | Салбар танхим | Бүртгэсэн огноо | Тавиурын заалт | Баркод | Үнэ | Хамгийн сүүлд байсан огноо | Нийт уншлаганд гарсан тоо | Дансны дугаар | Төрөл |
|---|---|---|---|---|---|---|---|---|---|---|---|---|---|---|---|---|
| Дундговь | Дундговь | Дундговь | Сан хөмрөг | Дундговь | Сан хөмрөг | 2024-06-09 | 87.3 Т-594 | DU15418478-3-1 | 22900.00 | 2024-06-09 | 89296 | Ном | ||||||
| Дундговь | Дундговь | Дундговь | Хүүхдийн уншлагын танхим | Дундговь | Хүүхдийн уншлагын танхим | 2024-06-09 | 87.3 Т-594 | DU15418478-4-1 | 22900.00 | 2024-06-09 | 89138 | Ном |